000 00802nam a22002297a 4500
003 UA-OsUOA
001 107803
007 ta
008 20140912b un ||||| |||| 00| 0 ukr d
100 _aМар'їна О
700 _aСтрунгар А.
090 _a02
_bМ25
942 _cSA
040 _aUA-OsUOA
_bukr
_cUA-OsUOA
_dUA-OsUOA
245 _aІнструментальні методи моделювання поведінки користувачів та критерії ранжування науково-інформаціних порталів у веб-просторі
300 _aС.22-27
955 _a0
041 _aukr
080 _a02
773 0 _w107801
_tБібліотечний вісник
_dК.
_d2014
_g4
650 7 _a02 Бібліотечна справа
_2UDC
999 _c393877
_d393877